Derecho comercial y de los negocios

Guardado en:
Autor Principal: Etcheverry, Raúl Aníbal
Otros Autores: Chomer, Héctor, Genovesi, Luis
Formato: Desconocido
Idioma:Spanish
Publicado: Buenos Aires : EUDEBA, 2007
Series:Facultad de derecho Estudios
Etiquetas: Agregar Etiqueta
Sin Etiquetas, Sea el primero en etiquetar este registro!
LEADER 00613nac a22001695a 4500
001 DER.der004784
005 20070810000000.0
008 180615s2007####||||||||||||||||||||spa||
100 1 |a Etcheverry, Raúl Aníbal 
245 1 0 |a Derecho comercial y de los negocios  |h [recurso electrónico] /  |c Raúl Aníbal Etcheverry , Héctor Chomer, Luis Genovesi 
260 |a Buenos Aires :  |b EUDEBA,  |c 2007 
300 0 |a 3 archivos PDF 
440 0 |a Facultad de derecho  |p Estudios 
505 0 |t Con: CD "Derecho comercial y de los negocios". 
700 1 |a Chomer, Héctor 
700 1 |a Genovesi, Luis 
859 |a DERECHO  |b BIB. DERECHO  |h 346.07  |i ETC